|
|
|
|
| LEADER |
01085cam a2200277 7i4500 |
| 001 |
0000074062 |
| 005 |
20230627090000.0 |
| 020 |
|
|
|a 9781003317906 (electronic book)
|
| 090 |
0 |
0 |
|a QA273
|b .F75 2023
|
| 100 |
1 |
|
|a Fox, William P
|
| 245 |
1 |
0 |
|a Probability and statistics for engineering and the sciences with modeling using R
|c William P. Fox and Rodney X. Sturdivant.
|
| 264 |
|
|
|a Boca Raton, FL:
|b CRC Press,
|c 2023.
|
| 300 |
|
|
|a 1 online resource (410 pages):
|b illustrations, text file, PDF.
|
| 336 |
|
|
|a text
|2 rdacontent
|
| 337 |
|
|
|a computer
|2 rdamedia
|
| 338 |
|
|
|a online resource
|2 rdacarrier
|
| 490 |
0 |
|
|a Textbooks in mathematics
|
| 650 |
|
0 |
|a R (Computer program language)
|
| 650 |
|
0 |
|a Mathematical statistics
|
| 650 |
|
0 |
|a Probabilities
|
| 655 |
|
0 |
|a Electronic books
|
| 700 |
1 |
|
|a Sturdivant, Rodney X.eauthor
|
| 856 |
4 |
2 |
|u http://library.unisel.edu.my/web/guest/mylibrary
|
| 997 |
|
|
|a Communication, Visual Art & Computing, Faculty
|b Computing, Department
|
| 998 |
|
|
|a Mathematics with Statistics, Degree
|
| 999 |
|
|
|a EBO0017211
|b EBOOK
|c EBOOK
|e Electronic resources
|